| 000 | 00535cam a22001457a 4500 | ||
|---|---|---|---|
| 008 | 180718b1966 xxu||||| |||| 00| 0 eng d | ||
| 082 | _aI29 Un3ex | ||
| 100 | _aUnited States. Civil Service Commission | ||
| 245 |
_aExplanatory material on the executive assignment system _cby Bureau of Executive Manpower, United States |
||
| 260 |
_aWashington _bBureau of Executive Manpower _c1966 |
||
| 300 | _av.p. | ||
| 500 | _aChairman: John W. Macy | ||
| 700 | _aMacy, John W. (Chairman) | ||
| 700 | _aUnited States. Bureau of Executive Manpower | ||
| 999 |
_c491075 _d491075 |
||